A history of Malaysia and Singapore /

Bibliographic Details
Main Author: Ryan, N. J.
Format: Book
Language:English
Published: Kuala Lumpur ; New York : Oxford University Press, 1976.
Subjects:

MARC

Tag First Indicator Second Indicator Subfields
LEADER 00000cam a2200000 i 4500
001 in00000322575
005 20151010164602.0
008 770614s1976 my abf b 00110 eng d
020 |a 0195803027 
035 |a (OCoLC)03039589 
035 |9 ABJ8382AM 
040 |a YSM  |c YSM  |d OCL  |d TXA  |d UtOrBLW 
049 |a TXAM  |c [929331] 
090 |a DS596  |b .R9 1976 
100 1 |a Ryan, N. J. 
245 1 2 |a A history of Malaysia and Singapore /  |c N. J. Ryan. 
264 1 |a Kuala Lumpur ;  |a New York :  |b Oxford University Press,  |c 1976. 
300 |a xi, 322 pages, 8 unnumbered leaves of plates :  |b illustrations, maps ;  |c 22 cm. 
336 |a text  |b txt  |2 rdacontent 
337 |a unmediated  |b n  |2 rdamedia 
338 |a volume  |b nc  |2 rdacarrier 
500 |a Maps on lining papers. 
500 |a Includes index. 
504 |a Bibliography: pages [306]-310. 
651 0 |a Malaysia  |x History. 
651 0 |a Singapore  |x History. 
999 |a MARS 
999 f f |s c6745f4e-b242-37d1-af0b-582a9e031695  |i 3b1deb91-b5f1-3727-b03d-39366d35652a  |t 0 
952 f f |p ric  |a Texas A&M University  |b Rellis Campus  |c Joint Library Facility  |d Remote Storage  |t 0  |e DS596 .R9 1976  |h Library of Congress classification  |i unmediated -- volume  |m A14802062241 
998 f f |a DS596 .R9 1976  |t 0  |l Remote Storage